[Event "AUTO-INT-1724"]
[Site "http://www.queenalice.com/game.php?id=861920"]
[Date "2010.11.21"]
[Round "2"]
[White "ditommaso"]
[Black "hgimenes"]
[Result "0-1"]
[WhiteElo "1862"]
[BlackElo "2008"]

1. e4 e5 2. Bc4 Nf6 3. Qf3 Nc6 4. Ne2 Na5 5. d3 Be7 6. Bd2 c6 7. Bxa5 Qxa5+ 8.
c3 d5 9. exd5 cxd5 10. b4 Qc7 11. Bb5+ Kf8 12. d4 e4 13. Qg3 Bd6 14. Qe3 Ng4 15.
Qd2 Qe7 16. O-O Bxh2+ 17. Kh1 Qh4 18. Ng1 Bxg1+ 0-1

[Event "QA-ANNIV-06"]
[Site "http://www.queenalice.com/game.php?id=885102"]
[Date "2011.1.12"]
[Round "3"]
[White "hgimenes"]
[Black "cunha"]
[Result "0-1"]
[WhiteElo "2027"]
[BlackElo "2826"]

1. e4 c5 2. Nf3 d6 3. d4 cxd4 4. Nxd4 Nf6 5. Nc3 a6 6. Be3 e5 7. Nb3 Be6 8. Nd5
Nbd7 9. f3 Nxd5 10. exd5 Bf5 11. Bd3 Bxd3 12. Qxd3 Be7 13. Qd2 f5 14. O-O Nf6
15. Na5 Qc7 16. c4 O-O 17. Qb4 Rae8 18. Rac1 Rf7 19. Nb3 Bd8 20. Bf2 a5 21. Qa3
b6 22. Rfe1 Ref8 23. Rc3 Nd7 24. Qa4 Bf6 0-1

[Event "AUTO-MASTER-1345"]
[Site "http://www.queenalice.com/game.php?id=899803"]
[Date "2011.2.13"]
[Round "1"]
[White "pomar"]
[Black "hgimenes"]
[Result "0-1"]
[WhiteElo "2051"]
[BlackElo "2080"]

1. f3 e5 2. Kf2 d5 3. e3 Nf6 4. c4 d4 5. d3 Bc5 6. e4 Nh5 7. g3 Nc6 8. Bh3 O-O
9. Kg2 Bd7 10. Bxd7 Qxd7 11. Nh3 Bb4 12. a3 Bd6 13. b4 a5 14. b5 Nd8 15. a4 f5
16. Rf1 f4 17. g4 Nf6 18. Nf2 Ne6 19. h4 Bb4 20. Ba3 Qe7 21. Rh1 Nd7 22. Qc1
Nec5 23. Bxb4 axb4 24. a5 Nb3 25. Qb2 Nxa1 26. Qxa1 Ra7 27. Nd2 Rfa8 28. Nb3 Nc5
29. Rb1 Qxh4 30. Nxc5 Rxa5 31. Qxa5 Rxa5 32. Rb2 Ra1 0-1

[Event "AUTO-MASTER-1345"]
[Site "http://www.queenalice.com/game.php?id=899804"]
[Date "2011.2.13"]
[Round "1"]
[White "hgimenes"]
[Black "pomar"]
[Result "1-0"]
[WhiteElo "2031"]
[BlackElo "2064"]

1. e4 e6 2. d4 d5 3. exd5 exd5 4. Nf3 Bd6 5. Nc3 c6 6. Bd3 Bg4 7. O-O Nd7 8.
Re1+ Ne7 9. h3 Bh5 10. a4 Qc7 11. a5 a6 12. b3 O-O 13. Bxh7+ Kh8 14. Bd3 Bh2+
15. Kh1 Bf4 16. Bxf4 Qxf4 17. Rxe7 Qd6 18. Qe2 b5 19. axb6 Nxb6 20. g4 Bg6 21.
Bxg6 fxg6 22. Re6 Qf4 23. Kg2 Rf6 24. Rxf6 gxf6 25. Qe7 f5 26. Ng5 Ra7 27. Qf8#
1-0

[Event "AUTO-MASTER-1345"]
[Site "http://www.queenalice.com/game.php?id=899819"]
[Date "2011.2.13"]
[Round "1"]
[White "mouderjr"]
[Black "hgimenes"]
[Result "0-1"]
[WhiteElo "2044"]
[BlackElo "2065"]

1. d4 Nf6 2. c4 e6 3. a3 d5 4. Nc3 c5 5. Bg5 cxd4 6. Qxd4 Nc6 7. Qd1 d4 8. Ne4
Be7 9. Nxf6+ Bxf6 10. Bd2 e5 11. Qb3 Qc7 12. e4 dxe3 13. Qxe3 O-O 14. Bd3 e4 15.
Qxe4 g6 16. Ne2 Rd8 17. O-O Bf5 0-1

[Event "AUTO-MASTER-1345"]
[Site "http://www.queenalice.com/game.php?id=899820"]
[Date "2011.2.13"]
[Round "1"]
[White "hgimenes"]
[Black "mouderjr"]
[Result "1-0"]
[WhiteElo "2048"]
[BlackElo "2061"]

1. e4 e5 2. Nf3 Nc6 3. Bb5 Nge7 4. Nc3 a6 5. Bc4 b5 6. Bb3 Bb7 7. Ng5 d5 8. Qf3
f6 9. Ne6 Qd6 10. exd5 Nd4 11. Qh5+ g6 12. Qh4 Nxb3 13. Ne4 Qxe6 14. dxe6 Bxe4
15. Qxe4 c6 16. axb3 Bg7 17. Qb4 Bf8 18. Rxa6 Nc8 19. Qa5 Rxa6 20. Qxa6 1-0

[Event "AUTO-MASTER-1345"]
[Site "http://www.queenalice.com/game.php?id=899829"]
[Date "2011.2.13"]
[Round "1"]
[White "deltaboy"]
[Black "hgimenes"]
[Result "0-1"]
[WhiteElo "2283"]
[BlackElo "2095"]

1. e4 c5 2. Nf3 d6 3. d4 cxd4 4. Nxd4 Nf6 5. Nc3 a6 6. Be2 e5 7. Nb3 Be7 8. O-O
O-O 9. Kh1 Nc6 10. Bg5 Nxe4 11. Nxe4 Bxg5 12. Nxd6 Qc7 13. Ne4 Rd8 14. Bd3 Be7
15. Qh5 g6 16. Qh6 Bf5 17. Nbd2 Nb4 18. Nf3 Bxe4 19. Bxe4 f5 20. Bxf5 gxf5 21.
Qe6+ Kg7 22. Nxe5 Bd6 23. f4 Rf8 24. Rad1 Rad8 25. Qb3 Bxe5 26. Rxd8 Rxd8 27.
fxe5 Nxc2 28. h4 Nd4 29. Qe3 Kh8 30. e6 Qe7 31. Kg1 Qxh4 32. Qe5+ Kg8 33. e7 Re8
34. g3 Qe4 35. Qd6 Nf3+ 36. Kf2 Nh2 37. Rh1 Ng4+ 38. Kg1 Qe1+ 0-1

[Event "AUTO-MASTER-1345"]
[Site "http://www.queenalice.com/game.php?id=899830"]
[Date "2011.2.13"]
[Round "1"]
[White "hgimenes"]
[Black "deltaboy"]
[Result "1-0"]
[WhiteElo "2114"]
[BlackElo "2265"]

1. e4 c6 2. d4 d5 3. e5 Bf5 4. Nf3 e6 5. Be2 f6 6. O-O Nd7 7. Bd3 Bxd3 8. cxd3
f5 9. a4 a5 10. Ng5 Qe7 11. h4 Nh6 12. b3 O-O-O 13. Qd2 b6 14. Ba3 Qe8 15. Bxf8
Nxf8 16. b4 Nf7 17. Nxf7 Qxf7 18. Rc1 Kd7 19. bxa5 bxa5 20. Na3 Qe7 21. Rxc6 Ke8
22. Nb5 Kf7 23. h5 Kg8 24. Nd6 h6 25. Qxa5 Kh7 26. Qc3 Rd7 27. a5 g6 28. a6 gxh5
29. a7 Rg8 30. a8=Q Qg5 31. g3 h4 32. Ne8 hxg3 33. Nf6+ Kh8 34. Nxg8 gxf2+ 35.
Kxf2 Qf4+ 36. Ke2 Rg7 37. Re1 Rxg8 38. Rc8 1-0

[Event "AUTO-OPEN-2355"]
[Site "http://www.queenalice.com/game.php?id=935488"]
[Date "2011.5.8"]
[Round "1"]
[White "Phenomenusmiracularis"]
[Black "hgimenes"]
[Result "0-1"]
[WhiteElo "2127"]
[BlackElo "2136"]

1. e4 c5 2. Nf3 d6 3. d4 cxd4 4. Nxd4 Nf6 5. Nc3 a6 6. Be2 e6 7. O-O Bd7 8. Be3
Nc6 9. Kh1 Be7 10. f4 O-O 11. Bf3 Qc7 12. a4 Na5 13. g4 h6 14. h4 Nc4 15. Bc1 d5
16. e5 Ne4 17. Nxe4 dxe4 18. Bxe4 Bxh4 19. g5 hxg5 20. fxg5 Qxe5 21. Bd3 Qd5+
22. Nf3 Bc6 23. Kg1 Qc5+ 24. Kg2 Ne5 25. Be2 Rad8 26. Bd2 Bxf3+ 27. Bxf3 Nc4 0-1

[Event "AUTO-OPEN-2355"]
[Site "http://www.queenalice.com/game.php?id=935489"]
[Date "2011.5.8"]
[Round "1"]
[White "hgimenes"]
[Black "Phenomenusmiracularis"]
[Result "1-0"]
[WhiteElo "2170"]
[BlackElo "1995"]

1. e4 e5 2. Nf3 Nc6 3. Bb5 a6 4. Ba4 Nf6 5. O-O Be7 6. Bxc6 dxc6 7. Nc3 Bg4 8.
Qe2 c5 9. h3 Bxf3 10. Qxf3 Qd6 11. d3 O-O-O 12. b3 Rdf8 13. a4 Nd7 14. a5 g6 15.
Bh6 f5 16. Bxf8 Rxf8 17. exf5 gxf5 18. Nd5 Bd8 19. Ne3 Qg6 20. Rae1 c6 21. Nc4
Bc7 22. Re3 f4 23. Re2 Rf5 24. Ra1 Rg5 25. Nd2 Qg8 26. Re4 Nf6 27. Rea4 Nd5 28.
Rc4 Qf8 29. Ne4 Rg7 30. Nxc5 Qe7 31. Nxa6 bxa6 32. Rxc6 Nb4 33. Rc4 Kb8 34. Qe4
Bd6 35. c3 Nc2 36. Ra2 1-0

[Event "AUTO-OPEN-2355"]
[Site "http://www.queenalice.com/game.php?id=935514"]
[Date "2011.5.8"]
[Round "1"]
[White "hgimenes"]
[Black "mahjones"]
[Result "1-0"]
[WhiteElo "2123"]
[BlackElo "2161"]

1. e4 e5 2. Nf3 Nc6 3. Bb5 a6 4. Ba4 Nf6 5. O-O Be7 6. Nc3 b5 7. Bb3 d6 8. d3
Bg4 9. h3 Bh5 10. g4 Bg6 11. g5 Nd7 12. Bd5 Ndb8 13. Ne2 Bh5 14. Ng3 Bxf3 15.
Qxf3 O-O 16. Nf5 Kh8 17. a4 b4 18. h4 a5 19. Be3 g6 20. Nh6 Kg7 21. Qg2 f6 22.
f4 Qd7 23. fxe5 dxe5 24. gxf6+ Bxf6 25. h5 Qe8 26. Ng4 1-0

[Event "AUTO-OPEN-2355"]
[Site "http://www.queenalice.com/game.php?id=935515"]
[Date "2011.5.8"]
[Round "1"]
[White "mahjones"]
[Black "hgimenes"]
[Result "0-1"]
[WhiteElo "2175"]
[BlackElo "2131"]

1. e4 c5 2. Nf3 d6 3. d4 cxd4 4. Nxd4 Nf6 5. Nc3 a6 6. Be2 e5 7. Nb3 Be7 8. O-O
O-O 9. Be3 Be6 10. Qd2 a5 11. a4 Nc6 12. f3 Nb4 13. Rfd1 Qc8 14. Nc1 d5 15. exd5
Nfxd5 16. Nxd5 Nxd5 17. Bf2 Rd8 18. Nd3 Nb4 19. Rac1 h6 20. c3 Nxd3 21. Bxd3 Bb3
22. Re1 Bc4 23. Re3 Bg5 0-1

[Event "Challenge"]
[Site "http://www.queenalice.com/game.php?id=940039"]
[Date "2011.5.19"]
[Round "-"]
[White "zaccho"]
[Black "hgimenes"]
[Result "1-0"]
[WhiteElo "1594"]
[BlackElo "2144"]

1. g4 d5 2. h3 e5 3. Bg2 Nc6 4. c4 Nge7 5. cxd5 Nxd5 6. Bxd5 Qxd5 7. Rh2 Qa5 8.
a3 Be6 9. b3 h5 10. g5 Nd4 11. Bb2 Bxb3 12. Qc1 Nc2+ 13. Kf1 Nxa1 14. Bxa1 1-0

[Event "AUTO-MASTER-1345"]
[Site "http://www.queenalice.com/game.php?id=941391"]
[Date "2011.5.22"]
[Round "2"]
[White "hgimenes"]
[Black "rodriguesr"]
[Result "1-0"]
[WhiteElo "2159"]
[BlackElo "2126"]

1. e4 c5 2. Nf3 d6 3. d4 cxd4 4. Nxd4 Nf6 5. Nc3 a6 6. Bg5 e5 7. Nb3 Be7 8. Qd3
Be6 9. Bxf6 Bxf6 10. O-O-O Nc6 11. Qxd6 Qxd6 12. Rxd6 O-O 13. Nd5 Bg5+ 14. Kb1
Rfd8 15. Rxd8+ Rxd8 16. h4 Bh6 17. c4 Kf8 18. Nc5 Bc8 19. Kc2 Nd4+ 20. Kc3 g6
21. h5 Kg7 22. b4 Rd6 23. hxg6 hxg6 24. Nd3 f6 25. f4 Nc6 26. b5 axb5 27. cxb5
Nd4 28. fxe5 fxe5 29. Nxe5 Ne6 30. Rxh6 1-0

[Event "AUTO-MASTER-1345"]
[Site "http://www.queenalice.com/game.php?id=941392"]
[Date "2011.5.22"]
[Round "2"]
[White "rodriguesr"]
[Black "hgimenes"]
[Result "0-1"]
[WhiteElo "2128"]
[BlackElo "2148"]

1. d4 Nf6 2. c4 e6 3. Nc3 Bb4 4. e3 O-O 5. Bd3 d5 6. Nf3 c5 7. a3 Bxc3+ 8. bxc3
Qc7 9. cxd5 exd5 10. O-O Bg4 11. h3 Bh5 12. Bd2 Nc6 13. Be2 c4 14. Nh4 Bxe2 15.
Qxe2 Na5 16. Rab1 Nb3 17. Nf3 Qa5 18. Be1 Qxa3 19. Qb2 Qxb2 20. Rxb2 Ne4 21. Nd2
Nexd2 22. Bxd2 a5 23. Ra1 Nxa1 0-1

[Event "AUTO-MASTER-1345"]
[Site "http://www.queenalice.com/game.php?id=941393"]
[Date "2011.5.22"]
[Round "2"]
[White "hgimenes"]
[Black "boydelta"]
[Result "0-1"]
[WhiteElo "2191"]
[BlackElo "2268"]

1. e4 e5 2. Nf3 Nc6 3. Bb5 a6 4. Ba4 Nf6 5. Nc3 b5 6. Bb3 Be7 7. O-O O-O 8. d3
d6 9. Nd5 h6 10. Qe1 Bb7 11. a4 Nd7 12. axb5 axb5 13. Rxa8 Bxa8 14. Qc3 Re8 15.
Ba2 Qb8 16. Bd2 Bd8 17. Ne3 Nf8 18. Ra1 Ne7 19. Ng4 h5 20. Ngxe5 Nd5 21. Bxd5
Bxd5 22. exd5 dxe5 23. Qc6 Bf6 24. Ra5 b4 25. Rb5 Qd8 26. Bxb4 g5 27. c4 e4 28.
dxe4 g4 29. Nd2 Bd4 30. Ba5 Be5 31. Rb7 Re7 32. c5 Qa8 33. Qb5 Kg7 0-1

[Event "AUTO-MASTER-1345"]
[Site "http://www.queenalice.com/game.php?id=941394"]
[Date "2011.5.22"]
[Round "2"]
[White "boydelta"]
[Black "hgimenes"]
[Result "0-1"]
[WhiteElo "2252"]
[BlackElo "2177"]

1. e4 c5 2. Nf3 d6 3. d4 cxd4 4. Nxd4 Nf6 5. Nc3 a6 6. Bg5 e5 7. Nb3 Be7 8. Be2
Nc6 9. O-O Be6 10. Bxf6 Bxf6 11. Nd5 O-O 12. c3 Bg5 13. f4 exf4 14. Nxf4 Qb6+
15. Kh1 Rae8 16. Nxe6 Rxe6 17. Qc2 Bf6 18. Bc4 Re5 19. Rad1 Qc7 20. Qd3 b5 21.
Bd5 Ne7 22. Qf3 Re8 23. Nd4 Nxd5 24. exd5 Re3 25. Qf2 Bxd4 26. cxd4 Qe7 27. Rd2
Re1 28. h3 Rxf1+ 29. Qxf1 g6 30. Kh2 Qg5 31. Qd3 Re3 32. Qf1 Qg3+ 33. Kg1 Re1
34. Rd1 Qe3+ 0-1